Villes générées par intelligence artificielle - Statistiques

Statistiques générales
  • Ce quiz a été pris 1 392 fois
  • Le résultat moyen est 10 sur 16
Statistiques - réponses
Par images Réponse % Correct
Paris
100%
Dubaï
96%
Los Angeles
95%
Sydney
94%
Rio de Janeiro
86%
Gizeh
84%
Amsterdam
79%
Marrakech
74%
Istanbul
57%
Jérusalem
57%
San Francisco
51%
Shanghaï
49%
Florence
42%
Singapour
40%
Naples
29%
Saint-Pétersbourg
11%
Aucun quiz correspondant
Distribution des résultats
% des personnes avec chaque résultat
Percentile par nombre de réponses
Votre historique - résultats
Vous n’avez pas pris ce quiz